000 00725nam a22002057a 4500
005 20100811113040.0
010 _aENG-99606
020 _a9788190909174
_c65.00
035 _aEN-83138
037 _bDBAD/PUB
082 _a581.634
100 _aAmala, K.
_910654
245 _aHand book of some medicinal plants /
_cby K. Amala
260 _aChennai
_bStar Publication
_c2009
270 _a12/7, H. I. G. Plot, Welcome Colony Anna Nagar West
_bChennai
_e102
300 _a84p.
_c20cm (pbk)
650 _aMedicinal Plant
_910655
942 _2ddc
_cEN
_h581.634
_mAMA
999 _c40880
_d40880